000 00717nam a2200241 i 4500
001 bg
100 1 _aSOCHACKA-KRYSIAK, Hanna
245 1 0 _aFinanse publiczne :
_banaliza porównawcza /
_cHanna Sochacka-Krysiak.
260 _aWarszawa :
_b"Poltext",
_c1994.
300 _a127 s. ;
_c21 cm.
490 1 _aStudia Finansowo-Bankowe / Szkoła Główna Handlowa
504 _aBibliogr. s. 125-127.
650 9 _aFinanse
_zNiemcy
650 9 _aFinanse
_zPolska
830 0 _aStudia Finansowo-Bankowe (Szkoła Główna Handlowa)
020 _a8385366245
040 _cBPK
041 0 _apol
080 _a336.1/.5(430+438)
920 _a83-85366-24-5
942 _cKS
008 s pl f |000 0 pol
999 _c30933
_d30933
856 _uhttp://koha.tu.koszalin.pl/cgi-bin/koha/opac-detail.pl?biblionumber=30933
_yKatalog online BPK